|
|
|
|
| LEADER |
01441nam a22003734a 4500 |
| 001 |
EBC180549 |
| 003 |
MiAaPQ |
| 005 |
20200520144314.0 |
| 006 |
m o d | |
| 007 |
cr cn||||||||| |
| 008 |
021011s2003 enk sb 001 0 eng |
| 010 |
|
|
|z 2002151794
|
| 020 |
|
|
|z 0415249708
|
| 035 |
|
|
|a (MiAaPQ)EBC180549
|
| 035 |
|
|
|a (Au-PeEL)EBL180549
|
| 035 |
|
|
|a (CaPaEBR)ebr10096995
|
| 035 |
|
|
|a (CaONFJC)MIL5573
|
| 035 |
|
|
|a (OCoLC)252898014
|
| 040 |
|
|
|a MiAaPQ
|c MiAaPQ
|d MiAaPQ
|
| 043 |
|
|
|a a-ja---
|
| 050 |
|
4 |
|a HD2769.2.J3
|b V64 2003
|
| 082 |
0 |
4 |
|a 361.7/63/0952
|2 21
|
| 245 |
0 |
4 |
|a The voluntary and non-profit sector in Japan
|h [electronic resource] :
|b the challenge of change /
|c edited by Stephen P. Osborne.
|
| 260 |
|
|
|a London ;
|a New York :
|b RoutledgeCurzon,
|c 2003.
|
| 300 |
|
|
|a xiv, 236 p.
|
| 490 |
1 |
|
|a The Nissan Institute/RoutledgeCurzon Japanese studies series
|
| 504 |
|
|
|a Includes bibliographical references and index.
|
| 533 |
|
|
|a Electronic reproduction. Ann Arbor, MI : ProQuest, 2015. Available via World Wide Web. Access may be limited to ProQuest affiliated libraries.
|
| 650 |
|
0 |
|a Nonprofit organizations
|z Japan.
|
| 655 |
|
4 |
|a Electronic books.
|
| 700 |
1 |
|
|a Osborne, Stephen P.,
|d 1953-
|
| 710 |
2 |
|
|a ProQuest (Firm)
|
| 830 |
|
0 |
|a Nissan Institute/RoutledgeCurzon Japanese studies series.
|
| 856 |
4 |
0 |
|u https://ebookcentral.proquest.com/lib/matrademy/detail.action?docID=180549
|z Click to View
|